00257nam a2200097Ia 4500008004100000041000800041100002600049245002900075260003600104999001900140241105s9999 xx 000 0 und d aeng aRaut Priyanka9182846 aHybrid Tensegrity System bM Arch Digital BNCA, Punec2015 c361137d361137